|
|
|
|
| LEADER |
00000cam a2200000 7i4500 |
| 001 |
0000002001 |
| 002 |
000002181 |
| 005 |
.0 |
| 020 |
|
|
|a 1560241705
|
| 090 |
0 |
0 |
|a 025.524
|b ACC
|
| 245 |
0 |
0 |
|a Access services :
|b the convergence of reference and technical services
|c edited by Gillian M.McCombs
|
| 260 |
|
|
|a New York he Haworth Press ,
|c 1991
|
| 300 |
|
|
|a 178p. ;
|c 22 cm.
|
| 650 |
0 |
0 |
|a Library science
|x Technological innovations
|
| 650 |
0 |
0 |
|a Reference services (Libraries)
|x Automation
|
| 700 |
1 |
|
|a McCombs, Gillian M
|
| 999 |
|
|
|a 033758
|b BUKU
|c RUJUKAN
|e PERPUSTAKAAN KOMUNITI PETALING JAYA
|